Regions of Faroe İslands Quiz - Statistics

General Stats
  • This quiz has been taken 5 times
  • The average score is 5 of 6
Answer Stats
Region % Correct
Vága
100%
Eysturoyar
80%
Sandoyar
80%
Suðuroyar
80%
Norðoya
60%
Streymoyar
60%
No matching quizzes found
Score Distribution
Percent of People with Each Score
Percentile by Number Answered
Your Score History
You have not taken this quiz